Normal view MARC view
  • Employment interviewing

Entry Topical Term

Number of records used in: 3

001 - CONTROL NUMBER

  • control field: 6495

003 - CONTROL NUMBER IDENTIFIER

  • control field: OSt

005 - DATE AND TIME OF LATEST TRANSACTION

  • control field: 20170519151144.0

008 - FIXED-LENGTH DATA ELEMENTS

  • fixed length control field: 170519|| aca||aabn | a|a d

040 ## - CATALOGING SOURCE

  • Original cataloging agency: OSt
  • Transcribing agency: OSt

150 ## - HEADING--TOPICAL TERM

  • Topical term or geographic name entry element: Employment interviewing

670 ## - SOURCE DATA FOUND

  • Source citation: Work cat.: (OSt)0: Beatty, Richard H., 1939- 6494, Interviewing and selecting high performers :, 1994
Pusat Sumber Maklumat Dato' Haji Sarmin Md Hussin, Akademi Kastam Diraja Malaysia, Melaka
Tel: 06-2331106 | Faks: 06-2313787